| 000 | 00488nam a2200169Ia 4500 | ||
|---|---|---|---|
| 008 | 090201s9999 xx 000 0 und d | ||
| 010 | _aKPL-47190 | ||
| 040 | _bमराठी | ||
| 041 | _aमराठी | ||
| 082 |
_a29792 _b47190 |
||
| 100 | _aशैलजा राजे | ||
| 245 |
_aललाट _cशैलजा राजे |
||
| 260 |
_c2004 _bनवचेतन्य प्रकाशन |
||
| 300 |
_a153 _bमोठा |
||
| 600 | _aललाट | ||
| 942 | _cBOOK | ||
| 999 |
_c228381 _d228381 |
||